Disharmónia jedného orchestra Poetický súbor NS hrá Jeana Anouilha

Bibliographic Details
Main Author: Polák, Milan, 1932-2022 (Author)
Format: Article
Language:Slovak
Subjects:

MARC

LEADER 00000nab a2200000 a 4500
001 vtls000354396
003 SK-MaSNL
005 20260303194039.0
008 040806c1989 xo 0 slo
015 |a SNBRB19rr/mm-uuuuu 
035 |a CL0354518 
040 |a SNKBUCL  |b slo  |c SNKBUCL  |e AACR2 
041 0 |a slo 
044 |a xo  |c SK 
080 |a 792.2  |2 1981 
100 1 |a Polák, Milan,  |d 1932-2022  |4 aut  |9 102381 
245 1 0 |a Disharmónia jedného orchestra  |b Poetický súbor NS hrá Jeana Anouilha  |c Milan Polák 
600 1 7 |a Anouilh, Jean,  |d 1910-1987  |t Orchester  |2 snkbucl  |9 122028 
610 2 7 |a Divadlo Nová scéna.  |b Poetický súbor  |2 snkbucl  |9 214003 
650 0 7 |a činohry  |2 snkbucl  |9 3325 
650 0 7 |a divadelné inscenácie  |2 snkbucl  |9 3326 
655 7 |a recenzie  |2 snkbucl  |9 21907 
655 7 |a články z novín a časopisov  |2 snkbucl  |9 267496 
773 0 |t Práca  |g Roč. 44, č. 131 (6. 6. 1989), s. 6 
850 |a Slovenská národná knižnica v Martine  |a MTA001 
852 |a SNK  |b KIS3GCP 
999 |c 2155409  |d 2157339